LEADER 01100cam0 2200337 450 001 000000324 005 20090319144952.0 010 $a88-15-03732-2 100 $a20000110d1992----km-y0itay50------ba 101 0 $aita 102 $aIT 105 $ay-------001yy 200 1 $a<>contabilità nazionale italiana$fVincenzo Siesto 205 $a[3. ed.] 210 $aBologna$cIl Mulino$d1992 215 $a202 p.$d22 cm 225 2 $a<>nuova scienza$iSerie di economia 410 0$12001$a<>nuova scienza 451 0$1001000000323 451 0$1001000024717 500 10$a<>contabilità nazionale italiana$943956 610 1 $aContabilità nazionale$aItalia 610 1 $aReddito nazionale 676 $a339.345$v20$9Conti e contabilità del prodotto, della ricchezza, del reddito nazionale. Italia 700 1$aSiesto,$bVincenzo$089070 801 0$aIT$bUNIPARTHENOPE$gRICA$2UNIMARC 912 $a000000324 951 $a339-C/7$b30771$cNAVA1$d20000113 951 $a339-C/8$b30770$cNAVA1$d20000113 996 $aContabilità nazionale italiana$943956 997 $aUNIPARTHENOPE LEADER 00860cam1 22002653 450 001 SOB016449 005 20230718135702.0 010 $a8814093687 100 $a20040211g00009999|||||ita|0103 ba 101 $aita 102 $aIT 200 1 $aGaranzia e processo$fBeatrice Gambineri 210 $aMilano$cGiuffré 215 $av.$d24 cm 225 2 $aUniversità di Firenze$v36 410 1$1001LAEC00015939$12001 $a*Università di Firenze$v36 463 1$1001SOBE00076675$12000 $a<<1: >>Fattispecie e struttura / Beatrice Gambineri 463 1$1001SOBE00076676$12000 $a<<2: Il >>procedimento / Beatrice Gambineri 700 1$aGambineri$b, Beatrice$3AF00010917$4070$0260647 801 0$aIT$bUNISOB$c20230718$gRICA 912 $aSOB016449 940 $aM 102 Monografia moderna SBN 941 $aM 996 $aGaranzia e processo$9706559 997 $aUNISOB